Structural analysis: (Record no. 546562)
[ view plain ]
| 000 -LEADER | |
|---|---|
| fixed length control field | 00726cam a2200181 4500 |
| 020 ## - INTERNATIONAL STANDARD BOOK NUMBER | |
| International Standard Book Number | 0700223460 |
| 082 00 - DEWEY DECIMAL CLASSIFICATION NUMBER | |
| Classification number | 624.171 |
| Author Mark | GHA |
| -- | L-38, P-113 |
| 100 1# - MAIN ENTRY--PERSONAL NAME | |
| Personal name | Ghali, A. |
| 9 (RLIN) | 36416 |
| 245 10 - TITLE STATEMENT | |
| Title | Structural analysis: |
| Remainder of title | a unified classical and matrix approach |
| Statement of responsibility, etc. | [by] A. Ghali [and] A. M. Neville. Chapters 20 and 24 written in collaboration with the authors by Y. K. Cheung. |
| 260 ## - PUBLICATION, DISTRIBUTION, ETC. | |
| Place of publication, distribution, etc. | Scranton, |
| Name of publisher, distributor, etc. | Intext Educational Publishers |
| Date of publication, distribution, etc. | [1972] |
| 300 ## - PHYSICAL DESCRIPTION | |
| Extent | xx, 769 p. |
| Other physical details | illus. |
| Dimensions | 24 cm. |
| 490 0# - SERIES STATEMENT | |
| Series statement | The Intext series in civil engineering |
| 526 ## - STUDY PROGRAM INFORMATION NOTE | |
| Program name | 0 |
| Interest level | 0 |
| Reading level | 0 |
| Title point value | 624_171000000000000_GHA |
| 650 #0 - SUBJECT ADDED ENTRY--TOPICAL TERM | |
| Topical term or geographic name entry element | MCE |
| 9 (RLIN) | 379 |
| 650 #0 - SUBJECT ADDED ENTRY--TOPICAL TERM | |
| Topical term or geographic name entry element | Structural analysis (Engineering) |
| General subdivision | Matrix methods. |
| 9 (RLIN) | 1143 |
| 700 1# - ADDED ENTRY--PERSONAL NAME | |
| Personal name | Neville, Adam M., |
| 9 (RLIN) | 36418 |
| 942 ## - ADDED ENTRY ELEMENTS (KOHA) | |
| Source of classification or shelving scheme | |
| Koha item type | Book |
| Withdrawn status | Lost status | Source of classification or shelving scheme | Damaged status | Not for loan | Permanent Location | Current Location | Date acquired | Total Checkouts | Full call number | Barcode | Date last seen | Price effective from | Koha item type |
|---|---|---|---|---|---|---|---|---|---|---|---|---|---|
| Military College of Engineering (MCE) | Military College of Engineering (MCE) | 06/12/2014 | 624.171 GHA | MCE-29737 | 06/12/2014 | 06/12/2014 | Book |
